Normal view
MARC view
- Supervison DR. KUNWAR FARAZ AHMAD KHAN
Entry Personal Name
001 - CONTROL NUMBER
- control field: 70474
003 - CONTROL NUMBER IDENTIFIER
- control field: NUST
005 - DATE AND TIME OF LATEST TRANSACTION
- control field: 20210628204458.0
008 - FIXED-LENGTH DATA ELEMENTS
- fixed length control field: 210628|| aca||aabn | a|a d
040 ## - CATALOGING SOURCE
- Original cataloging agency: NUST
- Transcribing agency: NUST
100 ## - HEADING--PERSONAL NAME
- Personal name: Supervison DR. KUNWAR FARAZ AHMAD KHAN
670 ## - SOURCE DATA FOUND
- Source citation: Work cat.: (NUST): MUHAMMAD IMRAN, 3229, TH-SOF-1186-A Hybrid Path Planning Technique for Indoor Autonomous Robots Developed by Integrating Global and Local Path Planner, 2016
